[Event "Ho Chi Minh City HD Bank op 5th"]
[Site "Ho Chi Minh City"]
[Date "2015.03.19"]
[Round "4"]
[White "Nguyen, Duc Hoa"]
[Black "Tu, Hoang Thong"]
[Result "1-0"]
[WhiteElo "2516"]
[BlackElo "2414"]
[PlyCount "111"]
[EventDate "2015.03.17"]
[EventType "swiss"]
[EventRounds "9"]
[EventCountry "VIE"]
[SourceTitle "CBM 165 Extra"]
[Source "ChessBase"]
[SourceDate "2015.04.21"]
[SourceVersion "1"]
[SourceVersionDate "2015.04.21"]
[SourceQuality "1"]

1. d4 e6 2. c4 f5 3. Nc3 Nf6 4. e3 b6 5. Nf3 Bb7 6. Bd3 Bb4 7. Bd2 0-0 8. a3 Bxc3 9. Bxc3 Ne4 10. Rc1 d6 11. 0-0 Nd7 12. Be1 Qf6 13. Nd2 Nxd2 14. Qxd2 f4 15. f3 c5 16. Bf2 fxe3 17. Qxe3 Rae8 18. Rfd1 cxd4 19. Qxd4 e5 20. Qh4 e4 21. Bxe4 Bxe4 22. Qxf6 Rxf6 23. fxe4 Rxe4 24. Re1 Rfe6 25. Rcd1 Rxe1+ 26. Bxe1 Ne5 27. b3 Nd3 28. Bc3 Nc5 29. b4 Na4 30. Bd4 Re2 31. h3 Rc2 32. Be3 Nb2 33. Rxd6 Nxc4 34. Rd8+ Kf7 35. Bf2 Rc1+ 36. Kh2 Rc2 37. Bg1 Rd2 38. Rc8 Nxa3 39. Rc7+ Kg8 40. Rxa7 Nc4 41. Rc7 b5 42. Bc5 Na3 43. Kg3 Nc2 44. Rb7 Ne1 45. Rxb5 Rxg2+ 46. Kf4 Nd3+ 47. Ke4 Rg3 48. h4 Nxc5+ 49. bxc5 Rc3 50. Kd5 Rd3+ 51. Kc4 Rd1 52. c6 Rc1+ 53. Kd5 Rd1+ 54. Ke6 Re1+ 55. Kd6 Kf7 56. c7 1-0

[Event "Ho Chi Minh City HD Bank op 5th"]
[Site "Ho Chi Minh City"]
[Date "2015.03.19"]
[Round "5"]
[White "Tu, Hoang Thong"]
[Black "Yap, Kim Steven"]
[Result "0-1"]
[WhiteElo "2414"]
[BlackElo "2389"]
[PlyCount "109"]
[EventDate "2015.03.17"]
[EventType "swiss"]
[EventRounds "9"]
[EventCountry "VIE"]
[SourceTitle "CBM 165 Extra"]
[Source "ChessBase"]
[SourceDate "2015.04.21"]
[SourceVersion "1"]
[SourceVersionDate "2015.04.21"]
[SourceQuality "1"]

1. e4 c5 2. b3 g6 3. Bb2 Nf6 4. e5 Nd5 5. Qf3 Nc7 6. h4 Bg7 7. h5 Nc6 8. hxg6 hxg6 9. Rxh8+ Bxh8 10. e6 Bf6 11. exf7+ Kxf7 12. Ne2 d5 13. Bxf6 exf6 14. Nbc3 Bf5 15. 0-0-0 d4 16. Na4 d3 17. Ng3 dxc2 18. Re1 Qd4 19. Qc3 Qxf2 20. Bc4+ Be6 21. Rf1 Qd4 22. Ne4 Bxc4 23. bxc4 Qxc3 24. dxc3 Kg7 25. Rxf6 Ne5 26. Naxc5 b6 27. Ne6+ Nxe6 28. Rxe6 Nxc4 29. Nd2 Na3 30. Nb3 Rf8 31. Kb2 Rf1 32. Kxa3 Rb1 33. Nc1 Rxc1 34. Re2 Kf6 35. Kb2 Rf1 36. Kxc2 Kg5 37. Kd3 Rf5 38. a4 Kg4 39. Ra2 Ra5 40. Ke2 g5 41. c4 Kf4 42. Kd3 g4 43. Kd4 Kg3 44. Ke4 Kh2 45. Kf4 g3 46. Ra3 Rc5 47. Rc3 Rc7 48. Kf3 Rf7+ 49. Kg4 Rg7+ 50. Kf3 Rc7 51. Kg4 Rg7+ 52. Kf4 Kxg2 53. c5 bxc5 54. Rxc5 Kh2 55. Ke4 0-1